000 00509nam a2200121Ia 4500
008 220217s9999 xx 000 0 und d
245 0 _aPhysical testing of rubber. Part A 5. Rubber vulcanized or thermoplastic- Determination of tension set at normal and high temperatures
260 _aUK
260 _c1997
_bInternational Organisation for Standards
500 _aStandard number: BS 903 Part A 5:1997, ISO 2285:1997
650 _aPhysical testing of rubber, vulcanized or thermoplastic rubbers
942 _cST
999 _c73196
_d73196